福岡市営地下鉄全駅 - Statistics

General Stats
  • This quiz has been taken 8 times
  • The average score is 29 of 38
Answer Stats
ナンバリング 駅名 % Correct
K08 天神
100%
K11 博多
100%
K13 福岡空港
100%
N16 天神南
100%
N18 博多
100%
K03 藤崎
88%
K04 西新
88%
K05 唐人町
88%
K07 赤坂
88%
K09 中洲川端
88%
K12 東比恵
88%
箱崎線-H01 中洲川端
88%
H07 貝塚
88%
七隈線-N01 橋本
88%
N13 薬院大通
88%
N14 薬院
88%
空港線-K01 姪浜
75%
K02 室見
75%
K06 大濠公園
75%
K10 祇園
75%
H03 千代県庁口
75%
H04 馬出九大病院前
75%
H05 箱崎宮前
75%
N07 七隈
75%
N11 六本松
75%
N17 櫛田神社前
75%
H02 呉服町
63%
H06 箱崎九大前
63%
N02 次郎丸
63%
N06 福大前
63%
N08 金山
63%
N10 別府
63%
N15 渡辺通
63%
N04 野芥
50%
N05 梅林
50%
N09 茶山
50%
N03 賀茂
38%
N12 桜坂
38%
No matching quizzes found
Score Distribution
Percent of People with Each Score
Percentile by Number Answered
Your Score History
You have not taken this quiz